000 01127cam a2200337 4500
001 L159607
008 030912n2017 000 0 eng u
020 _a1860815839
035 _a(Sirsi) u159607
041 _aeng
050 _a693.96
_c18
100 _aLittlefair, P.
245 _aRetrofitting solar shading
260 _aLondon
_bCRC
_c2017
300 _a8p.
_bill.
_c30cm.
490 _aBRE Information Paper
_v3/17
520 _aSolar shading can have an important benefit on the environment in buildings, giving valuable savings in cooling energy. This paper describes the solar shading systems commonly used in retrofit and gives guidance on their selection and design.
520 _aSupersedes IP 11/02
650 _aRETROFITTING
650 _aSOLAR SHADING
650 _aBLINDS
650 _aOFFICE BUILDINGS
650 _aSUNLIGHT
650 _aGLARE
650 _aGLAZING
651 4 _aENGLAND AND WALES
690 _aBUILDING AND CONSTRUCTION-ENERGY MANAGEMENT
710 _aBuilding Research Establishment
710 _aUnited Kingdom
_bDepartment of Trade and Industry
942 _n0
999 _c116043
_d116043